|
|
|
|
| LEADER |
00000nam0a2200000 4500 |
| 001 |
348750 |
| 005 |
20231102010134.0 |
| 035 |
|
|
|a (RuTPU)RU\TPU\retro\551
|
| 090 |
|
|
|a 348750
|
| 100 |
|
|
|a 20180313d1971 k y0rusy50 ca
|
| 101 |
0 |
|
|a rus
|
| 102 |
|
|
|a RU
|
| 105 |
|
|
|a a dm 001zy
|
| 200 |
1 |
|
|a Вопросы управления процессом флотации углей
|e автореферат диссертации на соискание ученой степени кандидата технических наук
|e Спец. 05.198
|f К. М. Абубакиров
|g Свердловский горный институт им. В. В. Вахрушева ; науч. рук. А. Е. Троп, В. З. Козин
|
| 210 |
|
|
|a Свердловск
|c [Б. и.]
|d 1971
|
| 215 |
|
|
|a 22 с.
|c ил.
|
| 320 |
|
|
|a Библиогр.: с. 21-22
|
| 606 |
1 |
|
|a Флотация
|x Кинетика
|2 stltpush
|3 (RuTPU)RU\TPU\subj\64020
|9 80950
|
| 610 |
1 |
|
|a автоматизация
|
| 610 |
1 |
|
|a математические модели
|
| 610 |
1 |
|
|a системы регулирования
|
| 610 |
1 |
|
|a исследование
|
| 610 |
1 |
|
|a системы управления
|
| 610 |
1 |
|
|a обогатительные аппараты
|
| 610 |
1 |
|
|a реагенты
|
| 610 |
1 |
|
|a дозировка
|
| 610 |
1 |
|
|a планирование эксперимента
|
| 610 |
1 |
|
|a номограммы
|
| 610 |
1 |
|
|a настройки
|
| 610 |
1 |
|
|a фабрики
|
| 610 |
1 |
|
|a стабилизация
|
| 610 |
1 |
|
|a авторефераты диссертаций
|
| 675 |
|
|
|a 622765(048)
|v 4
|
| 686 |
|
|
|a 05.198
|2 oksvnk
|
| 700 |
|
1 |
|a Абубакиров
|b К. М.
|
| 702 |
|
1 |
|a Троп
|b А. Е.
|4 727
|
| 702 |
|
1 |
|a Козин
|b В. З.
|4 727
|
| 712 |
0 |
2 |
|a Свердловский горный институт им. В. В. Вахрушева
|c (1934-1991)
|2 stltpush
|3 (RuTPU)RU\TPU\col\6743
|9 24264
|
| 801 |
|
1 |
|a RU
|b 63413507
|c 20180313
|
| 801 |
|
2 |
|a RU
|b 63413507
|c 20180313
|g RCR
|
| 942 |
|
|
|c BK
|